Saint-Beuve ancienne littérature : partie médiévale /

Guardado en:
Autor Principal: Dehousse, François.
Formato: Libro
Idioma:French
Publicado: Paris : Les Belles Lettres, 1971.
Series:Bibliotheque Faculté de Philosophie et Lettres de l'Univ. de Liege, fasc. 187
Etiquetas: Agregar Etiqueta
Sin Etiquetas, Sea el primero en etiquetar este registro!
LEADER 00548nam a22001575a 4500
001 EUN.um042946
003 AR-BaUNS
005 20050623122913.0
008 041125s1971####fr############000#0#fre#d
245 1 0 |a Saint-Beuve ancienne littérature :  |b partie médiévale /  |c François Dehousse. 
260 |a Paris :  |b Les Belles Lettres,  |c 1971. 
300 |a 644 p. 
490 0 |a Bibliotheque Faculté de Philosophie et Lettres de l'Univ. de Liege, fasc. 187 
100 1 |a Dehousse, François. 
082 0 4 |a 808 
859 |a Ar-BaUNS  |b BIB. CENTRAL - Sector C  |h 808  |i D367  |p 63312/972